[Event "POL-chT U20"]
[Site "Suchedniow"]
[Date "2016.07.23"]
[Round "1.29"]
[White "Dadello, Aleksandra"]
[Black "Kaczmarska, Joanna"]
[Result "1-0"]
[WhiteElo "1958"]
[BlackElo "1923"]
[PlyCount "89"]
[EventDate "2016.07.23"]
[EventType "team-tourn"]
[EventRounds "9"]
[EventCountry "POL"]
[SourceTitle "EXT 2019"]
[Source "ChessBase"]
[SourceDate "2018.10.10"]
[SourceVersion "1"]
[SourceVersionDate "2018.10.10"]
[SourceQuality "1"]

1. e4 e5 2. Nf3 Nc6 3. Bc4 Bc5 4. c3 Nf6 5. d3 0-0 6. Nbd2 d5 7. exd5 Nxd5 8. Ne4 Be7 9. 0-0 Nb6 10. Bb3 Bf5 11. Re1 Qd7 12. Bc2 Rad8 13. Qe2 Rfe8 14. Be3 Qd5 15. a4 a5 16. Nfd2 Bg6 17. Bxb6 cxb6 18. Nc4 Bc5 19. Rad1 Qe6 20. Bb3 Qf5 21. Nxc5 bxc5 22. Qe3 Rxd3 23. Rxd3 Qxd3 24. Qxc5 h6 25. h3 Qd8 26. Rd1 Qc7 27. Rd5 Be4 28. Nd6 Bxd5 29. Nxe8 Qd7 30. Bxd5 Qxe8 31. Bxc6 bxc6 32. Qxa5 f6 33. Qb6 Qd7 34. a5 Qd1+ 35. Kh2 Qc1 36. a6 Qf4+ 37. g3 Qa4 38. a7 Kh7 39. b4 Qa2 40. c4 f5 41. b5 cxb5 42. cxb5 f4 43. gxf4 Qa4 44. Qe3 exf4 45. Qd3+ 1-0

[Event "POL-ch U18 Girls"]
[Site "Szklarska Poreba"]
[Date "2016.03.17"]
[Round "6"]
[White "Kubicka, Anna"]
[Black "Dadello, Aleksandra"]
[Result "1-0"]
[WhiteElo "2152"]
[BlackElo "2041"]
[PlyCount "95"]
[EventDate "2016.03.13"]
[EventType "swiss"]
[EventRounds "9"]
[EventCountry "POL"]
[SourceTitle "EXT 2018"]
[Source "ChessBase"]
[SourceDate "2017.10.13"]
[SourceVersion "1"]
[SourceVersionDate "2017.10.13"]
[SourceQuality "1"]

1. d4 d5 2. c4 e6 3. Nc3 Nf6 4. cxd5 exd5 5. Bg5 Be7 6. Qc2 Nbd7 7. e3 0-0 8. Bd3 c6 9. Nge2 Re8 10. 0-0 Nf8 11. f3 Be6 12. Kh1 Rc8 13. e4 dxe4 14. fxe4 Ng4 15. Bd2 Bg5 16. Qc1 Bxd2 17. Qxd2 Qh4 18. Qf4 Ng6 19. Qg3 Qxg3 20. Nxg3 Rcd8 21. d5 cxd5 22. exd5 N6e5 23. Bb5 Bd7 24. Bxd7 Rxd7 25. Rae1 Red8 26. h3 Nf2+ 27. Rxf2 Nd3 28. Rfe2 Nxe1 29. Rxe1 a6 30. Nge4 Kf8 31. Rf1 b6 32. Rf4 Rc8 33. Kh2 b5 34. b4 Rc4 35. a3 Rc8 36. Nc5 Rd6 37. Rd4 f5 38. Kg3 Re8 39. Kf4 g6 40. g4 fxg4 41. N3e4 Rdd8 42. hxg4 h5 43. Rd2 Kf7 44. d6 h4 45. Ng5+ Kf6 46. d7 Re7 47. Rd6+ Kg7 48. Nce6+ 1-0

[Event "POL-ch U18 Girls"]
[Site "Szklarska Poreba"]
[Date "2016.03.14"]
[Round "2"]
[White "Dadello, Aleksandra"]
[Black "Kopica, Paulina"]
[Result "1/2-1/2"]
[WhiteElo "2041"]
[BlackElo "1786"]
[PlyCount "106"]
[EventDate "2016.03.13"]
[EventType "swiss"]
[EventRounds "9"]
[EventCountry "POL"]
[SourceTitle "EXT 2018"]
[Source "ChessBase"]
[SourceDate "2017.10.13"]
[SourceVersion "1"]
[SourceVersionDate "2017.10.13"]
[SourceQuality "1"]

1. e4 c5 2. Nf3 Nc6 3. d4 cxd4 4. Nxd4 Nf6 5. Nc3 d6 6. Bg5 e6 7. Bb5 Bd7 8. Bxc6 bxc6 9. Qf3 Rc8 10. 0-0-0 Be7 11. e5 dxe5 12. Nb3 Nd5 13. Bxe7 Qxe7 14. Ne4 0-0 15. Nec5 Be8 16. Rhe1 f6 17. Qg4 Bf7 18. Rd3 Bg6 19. Rd2 Rfe8 20. h4 f5 21. Qh3 e4 22. g4 h5 23. gxh5 Bxh5 24. Kb1 Bg4 25. Qh2 e5 26. Rg1 Nf6 27. Qg3 Rcd8 28. Qc3 Rxd2 29. Nxd2 Rd8 30. Ncb3 Qd6 31. Nc4 Qe6 32. Nxe5 Nd5 33. Qd4 Re8 34. Nxg4 fxg4 35. Qxa7 Qf5 36. Re1 Nf6 37. Qd4 Kh7 38. a4 Rc8 39. Nc5 Re8 40. a5 Re5 41. Nb3 c5 42. Qe3 c4 43. Nd4 Qc8 44. Qc3 Qa6 45. Nf3 Rxa5 46. Ng5+ Kg6 47. Kc1 Nd5 48. Qe5 Ra1+ 49. Kd2 Qa5+ 50. c3 Rxe1 51. Qe8+ Kh6 52. Qh8+ Kg6 53. Qe8+ Kh6 1/2-1/2

[Event "Etna op 2nd"]
[Site "Nicolosi"]
[Date "2015.12.05"]
[Round "3"]
[White "Dadello, Aleksandra"]
[Black "Imbraguglia, Fabio"]
[Result "1/2-1/2"]
[WhiteElo "2030"]
[BlackElo "2017"]
[PlyCount "64"]
[EventDate "2015.12.04"]
[EventType "swiss"]
[EventRounds "7"]
[EventCountry "ITA"]
[SourceTitle "CBM 170 Extra"]
[Source "ChessBase"]
[SourceDate "2016.02.25"]
[SourceVersion "1"]
[SourceVersionDate "2016.02.25"]
[SourceQuality "1"]

1. e4 c5 2. Nf3 Nc6 3. d4 cxd4 4. Nxd4 Nf6 5. Nc3 e5 6. Ndb5 d6 7. Bg5 a6 8. Na3 Be7 9. Bxf6 Bxf6 10. Nc4 Nd4 11. Nd5 b5 12. Nce3 Be6 13. c3 Nc6 14. a4 Rb8 15. axb5 axb5 16. Be2 Bg5 17. 0-0 0-0 18. Qd3 Bxe3 19. Nxe3 Qc7 20. Rfd1 Rfd8 21. Nd5 Qb7 22. b4 Ne7 23. Nxe7+ Qxe7 24. Ra5 Bc4 25. Qe3 Qc7 26. Ra7 Qc6 27. Bxc4 Qxc4 28. h3 h6 29. Qf3 Rf8 30. Qd3 Rb6 31. Ra5 Rfb8 32. Raa1 Rc8 1/2-1/2

[Event "Etna op 2nd"]
[Site "Nicolosi"]
[Date "2015.12.04"]
[Round "1"]
[White "Dadello, Aleksandra"]
[Black "Paulet, Iozefina"]
[Result "1/2-1/2"]
[WhiteElo "2030"]
[BlackElo "2194"]
[PlyCount "79"]
[EventDate "2015.12.04"]
[EventType "swiss"]
[EventRounds "7"]
[EventCountry "ITA"]
[SourceTitle "CBM 170 Extra"]
[Source "ChessBase"]
[SourceDate "2016.02.25"]
[SourceVersion "1"]
[SourceVersionDate "2016.02.25"]
[SourceQuality "1"]

1. e4 c5 2. Nf3 d6 3. d4 cxd4 4. Nxd4 Nf6 5. Nc3 a6 6. Be3 e5 7. Nb3 Be6 8. f3 Be7 9. Qd2 0-0 10. 0-0-0 a5 11. Kb1 a4 12. Nc1 Qc7 13. g4 a3 14. b3 Nc6 15. g5 Nh5 16. Rg1 Rfc8 17. Nd5 Bxd5 18. exd5 Nd4 19. Bxd4 exd4 20. Ne2 Ra5 21. Bh3 Re8 22. Bg4 Bf8 23. Rge1 Rxe2 24. Rxe2 g6 25. Re8 Rxd5 26. Bxh5 gxh5 27. f4 b5 28. Qe1 b4 29. Rd3 Rb5 30. Qd1 Qd7 31. Ra8 Qc6 32. Rd8 Rf5 33. Qd2 Qh1+ 34. Qd1 Qxh2 35. Rxd4 Rxf4 36. R4xd6 Rg4 37. Rxf8+ Kxf8 38. Rd8+ Kg7 39. Rg8+ Kxg8 40. Qd8+ 1/2-1/2

[Event "EU-ch U18 Girls 25th"]
[Site "Porec"]
[Date "2015.09.30"]
[Round "9"]
[White "Dadello, Aleksandra"]
[Black "Janzelj, Lara"]
[Result "0-1"]
[WhiteElo "1978"]
[BlackElo "2066"]
[PlyCount "68"]
[EventDate "2015.09.21"]
[EventType "swiss"]
[EventRounds "9"]
[EventCountry "CRO"]
[SourceTitle "EXT 2016"]
[Source "ChessBase"]
[SourceDate "2015.10.08"]
[SourceVersion "1"]
[SourceVersionDate "2015.10.08"]
[SourceQuality "1"]

1. e4 d6 2. Nc3 Nf6 3. f4 e5 4. Nf3 Nbd7 5. Bc4 Be7 6. d4 exd4 7. Qxd4 0-0 8. e5 dxe5 9. fxe5 Bc5 10. Qd3 Qe7 11. Bf4 Ng4 12. Nd5 Qd8 13. Ng5 g6 14. e6 Nde5 15. Qh3 h5 16. Nxf7 Bf2+ 17. Kf1 Rxf7 18. exf7+ Nxf7 19. Qc3 b5 20. Bb3 c5 21. h3 Ba6 22. Qd3 Nfe5 23. Bxe5 Nxe5 24. Nc7+ c4 25. Qxd8+ Rxd8 26. Kxf2 Bb7 27. Rad1 Rc8 28. Bxc4+ Nxc4 29. Nxb5 Rf8+ 30. Kg3 h4+ 31. Kxh4 Ne3 32. Rd7 Bc6 33. Rxa7 Bxb5 34. Re1 Nxg2+ 0-1

[Event "EU-ch U18 Girls 25th"]
[Site "Porec"]
[Date "2015.09.23"]
[Round "3"]
[White "Dadello, Aleksandra"]
[Black "Velikic, Adela"]
[Result "1/2-1/2"]
[WhiteElo "1978"]
[BlackElo "2381"]
[PlyCount "84"]
[EventDate "2015.09.21"]
[EventType "swiss"]
[EventRounds "9"]
[EventCountry "CRO"]
[SourceTitle "EXT 2016"]
[Source "ChessBase"]
[SourceDate "2015.10.08"]
[SourceVersion "1"]
[SourceVersionDate "2015.10.08"]
[SourceQuality "1"]

1. e4 c5 2. Nf3 d6 3. d4 cxd4 4. Nxd4 Nf6 5. Nc3 a6 6. Be3 e6 7. f3 b5 8. a4 b4 9. Na2 e5 10. Nb3 Nc6 11. Bc4 Na5 12. Nxa5 Qxa5 13. Qd2 d5 14. exd5 Bd6 15. 0-0 0-0 16. c3 Qc7 17. Be2 b3 18. Nc1 e4 19. f4 Rb8 20. a5 Rd8 21. Kh1 Bc5 22. c4 Bg4 23. Bxc5 Qxc5 24. Ra3 Bxe2 25. Qxe2 Rb4 26. Rxb3 Rxc4 27. Rc3 Rxc3 28. bxc3 Nxd5 29. Qxa6 Nxc3 30. Nb3 Qd5 31. Qb6 e3 32. Qxe3 Qxb3 33. a6 Qb5 34. Ra1 Nd5 35. Qe5 f6 36. Qe6+ Kf8 37. a7 Nc7 38. Qe4 Qb3 39. Re1 Qe6 40. Qb4+ Qd6 41. Qe4 Kg8 42. h3 Ra8 1/2-1/2

[Event "POL-chT U19 46th"]
[Site "Ustron"]
[Date "2015.07.31"]
[Round "7.11"]
[White "Dadello, Aleksandra"]
[Black "Burakowska, Gabriela"]
[Result "1/2-1/2"]
[WhiteElo "2068"]
[BlackElo "1785"]
[PlyCount "80"]
[EventDate "2015.07.25"]
[EventType "team-tourn"]
[EventRounds "9"]
[EventCountry "POL"]
[SourceTitle "EXT 2018"]
[Source "ChessBase"]
[SourceDate "2017.10.13"]
[SourceVersion "1"]
[SourceVersionDate "2017.10.13"]
[SourceQuality "1"]
[WhiteTeam "Wroclaw Polonia U19"]
[BlackTeam "Bialystok MUKS Stoczek 45 U19"]
[WhiteTeamCountry "POL"]
[BlackTeamCountry "POL"]

1. e4 c5 2. Nf3 e6 3. d4 cxd4 4. Nxd4 a6 5. Bd3 Qc7 6. 0-0 Nc6 7. Nxc6 dxc6 8. a4 a5 9. Be3 e5 10. Nd2 Nf6 11. Nc4 Be6 12. Bb6 Qb8 13. Qe1 Bb4 14. c3 Be7 15. Be3 Nd7 16. b4 axb4 17. cxb4 0-0 18. Kh1 f5 19. exf5 Bxf5 20. Bxf5 Rxf5 21. Bd2 Qf8 22. Bc3 Qf7 23. Qe2 Rf8 24. f3 Qe6 25. Rfe1 Bh4 26. Red1 Rf4 27. Nd6 Be7 28. Nxb7 Bxb4 29. Bxb4 Rxb4 30. Nd6 Nc5 31. a5 Nb3 32. Qe1 Rd4 33. Rxd4 Nxd4 34. Ne4 Nc2 35. Qc3 Nxa1 36. Qxa1 Ra8 37. h3 Qd5 38. a6 h6 39. Kh2 c5 40. Qa5 Kh7 1/2-1/2

[Event "POL-chT U19 46th"]
[Site "Ustron"]
[Date "2015.07.30"]
[Round "6.23"]
[White "Pastuszko, Kinga"]
[Black "Dadello, Aleksandra"]
[Result "1-0"]
[WhiteElo "1877"]
[BlackElo "2068"]
[PlyCount "75"]
[EventDate "2015.07.25"]
[EventType "team-tourn"]
[EventRounds "9"]
[EventCountry "POL"]
[SourceTitle "EXT 2018"]
[Source "ChessBase"]
[SourceDate "2017.10.13"]
[SourceVersion "1"]
[SourceVersionDate "2017.10.13"]
[SourceQuality "1"]
[WhiteTeam "Warszawa Gulermak Polonia U19"]
[BlackTeam "Wroclaw Polonia U19"]
[WhiteTeamCountry "POL"]
[BlackTeamCountry "POL"]

1. e4 c6 2. d4 d5 3. Nc3 dxe4 4. Nxe4 Nf6 5. Nxf6+ exf6 6. Nf3 Bg4 7. Be2 Bd6 8. 0-0 0-0 9. c3 Qc7 10. h3 Bh5 11. Nd2 Bxe2 12. Qxe2 Nd7 13. Nc4 Rfe8 14. Qg4 Re6 15. Bh6 g6 16. Rae1 Rae8 17. Re3 b5 18. Nxd6 Qxd6 19. Bf4 Qd5 20. b3 Rxe3 21. Bxe3 Nb6 22. Qf4 Qe6 23. Qc7 Nd5 24. Qxa7 Nxe3 25. Re1 Qe4 26. Rxe3 Qb1+ 27. Kh2 Rxe3 28. fxe3 Qe4 29. a4 Qxe3 30. Qb8+ Kg7 31. a5 Kh6 32. a6 f5 33. Qe5 Qf2 34. a7 f6 35. Qg3 Qa2 36. Qb8 Qf2 37. a8Q f4 38. Qa1 1-0

[Event "POL-chT U19 46th"]
[Site "Ustron"]
[Date "2015.07.25"]
[Round "1.29"]
[White "Dadello, Aleksandra"]
[Black "Kopica, Paulina"]
[Result "1-0"]
[WhiteElo "2068"]
[BlackElo "1788"]
[PlyCount "57"]
[EventDate "2015.07.25"]
[EventType "team-tourn"]
[EventRounds "9"]
[EventCountry "POL"]
[SourceTitle "EXT 2018"]
[Source "ChessBase"]
[SourceDate "2017.10.13"]
[SourceVersion "1"]
[SourceVersionDate "2017.10.13"]
[SourceQuality "1"]
[WhiteTeam "Wroclaw Polonia U19"]
[BlackTeam "Opole Rodlo U19"]
[WhiteTeamCountry "POL"]
[BlackTeamCountry "POL"]

1. e4 c5 2. Nf3 d6 3. d4 cxd4 4. Nxd4 Nf6 5. Nc3 g6 6. Be3 Bg7 7. f3 0-0 8. Qd2 Nc6 9. Bc4 Bd7 10. 0-0-0 Rb8 11. Bb3 Na5 12. h4 b5 13. h5 Nxb3+ 14. Nxb3 b4 15. Nd5 Nxd5 16. exd5 Qc7 17. Kb1 Rfc8 18. hxg6 fxg6 19. Bd4 Bf5 20. Rc1 Bf8 21. g4 Bd7 22. Qh2 h6 23. Be3 Qc4 24. Bxh6 Qxd5 25. Bxf8 Kxf8 26. Qh6+ Kf7 27. Qh7+ Kf6 28. Rce1 Qf7 29. g5+ 1-0

[Event "Barcelona Sant Marti op-A 17th"]
[Site "Barcelona"]
[Date "2015.07.21"]
[Round "9"]
[White "Dadello, Aleksandra"]
[Black "Perez Garcia, Adria"]
[Result "0-1"]
[WhiteElo "2068"]
[BlackElo "1644"]
[PlyCount "94"]
[EventDate "2015.07.13"]
[EventType "swiss"]
[EventRounds "9"]
[EventCountry "ESP"]
[SourceTitle "CBM 167 Extra"]
[Source "ChessBase"]
[SourceDate "2015.09.14"]
[SourceVersion "1"]
[SourceVersionDate "2015.09.14"]
[SourceQuality "1"]

1. e4 c6 2. d4 d5 3. Nc3 dxe4 4. Nxe4 Bf5 5. Ng3 Bg6 6. h4 h6 7. Nf3 Nd7 8. h5 Bh7 9. Bd3 Bxd3 10. Qxd3 e6 11. Bf4 Qa5+ 12. Bd2 Qc7 13. 0-0-0 Ngf6 14. Ne4 0-0-0 15. g3 Nxe4 16. Qxe4 Nf6 17. Qe2 Bd6 18. Kb1 c5 19. dxc5 Bxc5 20. Bf4 Bd6 21. Rd4 Qb6 22. Qc4+ Kb8 23. Ne5 Bxe5 24. Bxe5+ Ka8 25. Rf4 Rc8 26. Qe2 Qd8 27. Qf3 Qd2 28. Bc3 Qd7 29. Bxf6 gxf6 30. Rxf6 Qd2 31. c3 Rhd8 32. Rxf7 Rb8 33. Rf6 Rd6 34. Qe3 Qd5 35. f3 Ra6 36. b3 Qa5 37. Rh2 Rc6 38. c4 Rd8 39. Rxe6 Qf5+ 40. Re4 Rcd6 41. Qf4 Qa5 42. Qe5 Qa3 43. Qf4 Rd1+ 44. Kc2 Qxa2+ 45. Kc3 R1d3+ 46. Kb4 Rxb3+ 47. Kc5 Qa5# 0-1

[Event "Palmanova Blau Escacs op 1st"]
[Site "Palmanova"]
[Date "2015.04.15"]
[Round "5"]
[White "Vicens Company, Maria Antonia"]
[Black "Dadello, Aleksandra"]
[Result "0-1"]
[WhiteElo "1760"]
[BlackElo "2051"]
[PlyCount "64"]
[EventDate "2015.04.11"]
[EventType "swiss"]
[EventRounds "9"]
[EventCountry "ESP"]
[SourceTitle "CBM 166 Extra"]
[Source "ChessBase"]
[SourceDate "2015.06.18"]
[SourceVersion "1"]
[SourceVersionDate "2015.06.18"]
[SourceQuality "1"]

1. c4 e5 2. Nc3 Nf6 3. g3 Bb4 4. Bg2 0-0 5. Nf3 Re8 6. 0-0 e4 7. Nd4 Nc6 8. Nc2 Bxc3 9. dxc3 b6 10. Ne3 Bb7 11. b3 d6 12. Nd5 Ne5 13. f4 exf3 14. exf3 Ned7 15. Bg5 h6 16. Bf4 Nxd5 17. cxd5 Qf6 18. c4 Re7 19. Re1 Rae8 20. Rxe7 Rxe7 21. Rc1 g5 22. Bd2 Qd4+ 23. Kh1 Nc5 24. Bc3 Qe3 25. Bd4 Qe2 26. Bf1 Qxa2 27. Bf6 Re8 28. Bc3 f6 29. Bxf6 Qxb3 30. Qd4 Qxf3+ 31. Bg2 Qe3 32. Qb2 Nd3 0-1

[Event "Liberec op 15th"]
[Site "Liberec"]
[Date "2015.02.18"]
[Round "6"]
[White "Baum, Jonasz"]
[Black "Dadello, Aleksandra"]
[Result "1-0"]
[WhiteElo "1893"]
[BlackElo "2036"]
[PlyCount "53"]
[EventDate "2015.02.14"]
[EventType "swiss"]
[EventRounds "9"]
[EventCountry "CZE"]
[SourceTitle "CBM 164 Extra"]
[Source "ChessBase"]
[SourceDate "2015.03.02"]
[SourceVersion "1"]
[SourceVersionDate "2015.03.02"]
[SourceQuality "1"]

1. e4 e6 2. d4 d5 3. Nc3 Nf6 4. e5 Nfd7 5. Nf3 c5 6. dxc5 Nc6 7. Bf4 Bxc5 8. Bd3 f6 9. exf6 Nxf6 10. Qe2 0-0 11. 0-0-0 Bd7 12. Ne5 Rc8 13. g4 Bd6 14. Ng6 Bxf4+ 15. Nxf4 e5 16. Nfxd5 Nxd5 17. Nxd5 Qg5+ 18. Ne3 Nd4 19. Qd2 Bc6 20. h4 Qf4 21. Rhf1 Nf3 22. Qa5 Nh2 23. Qxa7 Nxf1 24. Rxf1 Be4 25. Bxe4 Qxe4 26. Qb6 Rf3 27. Qe6+ 1-0

[Event "Marianske Lazne op 14th"]
[Site "Marianske Lazne"]
[Date "2015.01.18"]
[Round "2"]
[White "Dadello, Aleksandra"]
[Black "Ivanov, Mikhail M"]
[Result "0-1"]
[WhiteElo "2032"]
[BlackElo "2394"]
[PlyCount "86"]
[EventDate "2015.01.17"]
[EventType "swiss"]
[EventRounds "9"]
[EventCountry "CZE"]
[SourceTitle "CBM 164 Extra"]
[Source "ChessBase"]
[SourceDate "2015.03.02"]
[SourceVersion "1"]
[SourceVersionDate "2015.03.02"]
[SourceQuality "1"]

1. e4 g6 2. d4 Bg7 3. f4 d5 4. e5 c5 5. Nf3 Bg4 6. dxc5 Nc6 7. Bb5 Qa5+ 8. Nc3 a6 9. Bxc6+ bxc6 10. 0-0 Qxc5+ 11. Qd4 Qxd4+ 12. Nxd4 Bd7 13. Na4 Nh6 14. Nc5 Nf5 15. c3 a5 16. b3 e6 17. g4 Ne7 18. Kg2 g5 19. f5 Bxe5 20. Bxg5 Rg8 21. Nxd7 Bxd4 22. cxd4 Kxd7 23. Bxe7 Kxe7 24. h3 h5 25. Kg3 hxg4 26. hxg4 Rab8 27. Rac1 Kd6 28. Rc5 Rb4 29. Rfc1 Rxd4 30. Rxc6+ Ke7 31. fxe6 Rgxg4+ 32. Kh3 fxe6 33. Ra6 a4 34. Ra7+ Kf6 35. Rf1+ Ke5 36. Re1+ Rge4 37. Rxe4+ Kxe4 38. bxa4 Rd3+ 39. Kg2 Ra3 40. Kf1 Rxa2 41. a5 d4 42. a6 d3 43. Ke1 Ke3 0-1

[Event "World ol U16"]
[Site "Gyor"]
[Date "2014.12.19"]
[Round "8.4"]
[White "Dwyer, Daniel1111"]
[Black "Dadello, Aleksandra"]
[Result "0-1"]
[WhiteElo "1777"]
[BlackElo "2009"]
[PlyCount "62"]
[EventDate "2014.12.13"]
[EventType "team-swiss"]
[EventRounds "10"]
[EventCountry "HUN"]
[SourceTitle "EXT 2016"]
[Source "ChessBase"]
[SourceDate "2015.10.08"]
[SourceVersion "1"]
[SourceVersionDate "2015.10.08"]
[SourceQuality "1"]
[WhiteTeam "Ireland"]
[BlackTeam "Poland II"]
[WhiteTeamCountry "IRL"]
[BlackTeamCountry "POL"]

1. e4 e6 2. d4 d5 3. exd5 exd5 4. Bd3 Bd6 5. Nf3 Nc6 6. 0-0 Bg4 7. Re1+ Nge7 8. c3 Qd7 9. Nbd2 0-0-0 10. b4 Rde8 11. Bb2 f6 12. a4 g5 13. Qb3 h5 14. a5 h4 15. b5 Nd8 16. b6 a6 17. c4 Be6 18. c5 Bf4 19. g3 hxg3 20. fxg3 g4 21. gxf4 gxf3 22. Nxf3 Reg8+ 23. Kh1 Bg4 24. Bf1 Nf5 25. Bg2 Qh7 26. Kg1 Bxf3 27. Qxf3 Qxh2+ 28. Kf2 Rg3 29. Qxd5 Nh4 30. Rg1 Rhg8 31. bxc7 Rxg2+ 0-1

[Event "EU-ch U16 Girls 24th"]
[Site "Batumi"]
[Date "2014.10.26"]
[Round "7"]
[White "Dadello, Aleksandra"]
[Black "Khomeriki, Nino"]
[Result "0-1"]
[WhiteElo "1907"]
[BlackElo "2168"]
[PlyCount "44"]
[EventDate "2014.10.19"]
[EventType "swiss"]
[EventRounds "9"]
[EventCountry "GEO"]
[SourceTitle "EXT 2015"]
[Source "ChessBase"]
[SourceDate "2014.11.20"]
[SourceVersion "1"]
[SourceVersionDate "2014.11.20"]
[SourceQuality "1"]

1. e4 e6 2. d4 d5 3. Nc3 Bb4 4. exd5 exd5 5. Bd3 Nf6 6. a3 Bd6 7. Bg5 c6 8. Nf3 0-0 9. 0-0 Bg4 10. h3 Bh5 11. Re1 Nbd7 12. Bf5 Qc7 13. Qd3 Bg6 14. Nh4 Rae8 15. Qf3 a5 16. Ne2 Ne4 17. Ng3 Qb6 18. Qg4 Nxg3 19. Bxg6 Ne2+ 20. Rxe2 Rxe2 21. Bd3 Re6 22. b3 Re4 0-1

[Event "EU-ch U16 Girls 24th"]
[Site "Batumi"]
[Date "2014.10.22"]
[Round "4"]
[White "Georgescu, Lena"]
[Black "Dadello, Aleksandra"]
[Result "1/2-1/2"]
[WhiteElo "1987"]
[BlackElo "1907"]
[PlyCount "58"]
[EventDate "2014.10.19"]
[EventType "swiss"]
[EventRounds "9"]
[EventCountry "GEO"]
[SourceTitle "EXT 2015"]
[Source "ChessBase"]
[SourceDate "2014.11.20"]
[SourceVersion "1"]
[SourceVersionDate "2014.11.20"]
[SourceQuality "1"]

1. e4 e6 2. d4 d5 3. Nc3 Nf6 4. Bg5 dxe4 5. Nxe4 Be7 6. Bxf6 gxf6 7. g3 f5 8. Nc3 Bf6 9. Nge2 Nc6 10. d5 Nb4 11. Bg2 Nxd5 12. Nxd5 exd5 13. 0-0 0-0 14. c3 c6 15. Qc2 Bg7 16. Rac1 Qg5 17. Nf4 Be6 18. Rfe1 Rae8 19. Qb3 Bc8 20. Qa3 a6 21. Qc5 Be5 22. Nd3 f4 23. Nxe5 Rxe5 24. Qd4 Rxe1+ 25. Rxe1 fxg3 26. hxg3 Bd7 27. c4 Be6 28. cxd5 cxd5 29. Qb6 Bc8 1/2-1/2